RNDr. Jozef Blaško šesťdesiatročný

Bibliographic Details
Main Author: Stockmann, Viliam, 1942- (Author)
Format: Article
Language:Slovak
PhysicalDescription:Fotogr.
ISSN:1335-1737
Subjects:

MARC

LEADER 00000nab a2200000 a 4500
001 vtls000672350
003 SK-MaSNL
005 20260303215239.0
008 140328c1998 xo 0 slo
015 |a SNBRB1998/09-25035 
035 |a CLN000024526 
040 |a SNKBUCL  |b slo  |c SNKBUCL  |e AACR2 
041 0 |a slo 
044 |a xo  |c SK 
080 |a 502.3-051  |2 1997 
080 |a 504-051  |2 1997 
080 |a 929 Blaško, Jozef  |2 1997 
100 1 |a Stockmann, Viliam,  |d 1942-  |4 aut  |9 242316 
245 1 0 |a RNDr. Jozef Blaško šesťdesiatročný  |c Viliam Stockmann 
300 |b Fotogr. 
600 1 7 |a Blaško, Jozef,  |d 1938-  |2 snkbucl  |9 135267 
655 7 |a články z novín a časopisov  |2 snkbucl  |9 267496 
773 0 |t Chránené územia Slovenska  |g Č. 37 (1998), s. 45  |x 1335-1737 
850 |a Slovenská národná knižnica v Martine 
852 |a SNK  |b KIS3GCP 
958 |a BX 
958 |a SK 
992 |a RBX 
999 |c 2220680  |d 2222610